Survivor Constestants who received the most votes against them - Statistics

General Stats
  • This quiz has been taken 1,182 times
  • The average score is 21 of 33
Answer Stats
Contestant Total number of votes First season in which he/she appaeared % Correct
Ozzy Lusth 27 Cook Islands
92%
Russell Hantz 22 Samoa
91%
Rob Mariano 21 Marquesas
90%
Colby Donaldson 20 The Australian Outback
85%
Jonathan Penner 29 Cook Islands
85%
Rupert Boneham 21 Pearl Islands
82%
Parvati Shallow 16 Cook Islands
81%
James Clement 19 China
78%
Amanda Kimmel 14 China
76%
Jerri Manthey 28 The Australian Outback
76%
Tom Buchanan 13 Africa
75%
Lex Van Den Berghe 17 Africa
73%
Phillip Sheppard 22 Redemption Island
73%
Andrea Boehlke 22 Redemption Island
71%
Tina Wesson 14 The Australian Outack
71%
Malcolm Freberg 17 Philippines
70%
Eliza Orlins 17 Vanuatu
68%
Aras Baskauskas 16 Panama
64%
Brenda Lowe 18 Nicaragua
64%
John Cochran 13 South Pacific
62%
Laura Morett 26 Samoa
61%
Randy Bailey 14 Gabon
59%
Yau-Man Chan 16 Fiji
59%
Stephenie LaGrossa 16 Palau
52%
Ciera Eastin 14 Blood vs Water
50%
Eddie Fox 16 Caramoan
50%
Jon Dalton "Jonny Fairplay" 16 Pearl Islands
49%
Jenna Lewis 15 Borneo
44%
Shii-Ann Huang 15 Thailand
42%
Marty Piombo 15 Nicaragua
39%
Edna Ma 15 South Pacific
28%
Rick Nelson 15 South Pacific
28%
Rory Freeman 14 Vanuatu
19%
No matching quizzes found
Score Distribution
Percent of People with Each Score
Percentile by Number Answered
Your Score History
You have not taken this quiz